| 000 | 01333nam a22003857a 4500 | ||
|---|---|---|---|
| 003 | CHAP | ||
| 005 | 20250913062742.0 | ||
| 008 | 971010s1971 r 00010 d | ||
| 010 | _a64169 | ||
| 011 | _a65141 | ||
| 035 | _a71391 | ||
| 040 | _cCHAP | ||
| 090 | _aTesis | ||
| 100 | 0 | 0 |
_aLópez Uriza, Julio César. _968389 |
| 245 | _aEfecto de diferentes métodos de preparación del suelo sobre el rendimiento de forraje verde de maíz en Chapingo, Méx. | ||
| 260 |
_aChapingo, Méx. : _bEl autor, _c1971 |
||
| 300 | _a75 h. | ||
| 502 | _aTesis (Ing. Agr. Esp. en Suelos) -- ENA. Departamento de Suelos | ||
| 590 |
_aALEPH _b10 _c20130110 _lUCH01 _h1350 |
||
| 590 |
_aBATCH-UPD _b10 _c20130110 _lUCH01 _h1602 |
||
| 590 |
_aBATCH-UPD _b10 _c20130410 _lUCH01 _h0959 |
||
| 590 |
_aBATCH-UPD _b10 _c20130914 _lUCH01 _h1431 |
||
| 590 |
_aCONVERSION _b10 _c20130109 _lUCH01 _h1335 |
||
| 650 | 1 | 4 |
_aForrajes _xRendimiento. _942593 |
| 650 | 1 | 7 |
_aLabranza _xEfecto en suelos _2 _964305 |
| 650 | 1 | 4 |
_aMaíz como forraje. _971109 |
| 650 | 1 | 4 |
_aMaíz _xRendimiento. _971051 |
| 650 | 1 | 4 |
_aMaíz _zMéxico (Edo.). _971099 |
| 710 | 0 |
_aENA. Departamento de Suelos. _936705 |
|
| 901 | _aBK | ||
| 942 | _cFOLL | ||
| 949 |
_bBC _cTES _d-93025 _eTS1 _i71391 _si |
||
| 949 |
_bBC _cTES _d-93026 _eTS2 _fc.2 _i71391 _si |
||
| 949 |
_bS _cTES _d-4012 _eTS1 _i71391 _si |
||
| 999 |
_c64169 _d64169 |
||